| 000 | 00593nam a2200193Ia 4500 | ||
|---|---|---|---|
| 003 | GCL | ||
| 008 | 140319s9999 xx 000 0 ara d | ||
| 040 |
_aGCL / _cGCL |
||
| 082 | 0 | 4 |
_aق _b932.07 _bس أ |
| 100 | 1 | _aسيد كريم | |
| 245 | 1 | 0 |
_aاخناتون / _cسيد كريم |
| 260 |
_aالقاهرة : _bالهيئة المصرية العامة للكتاب ، _c1997 |
||
| 300 |
_a84 ص ؛ _c20سم |
||
| 650 | 0 | 4 | _aمصر القديمة |
| 650 | 0 | 4 | _aالحضارة الفرعونية |
| 650 | 0 | 4 | _aالاثار الفرعونية |
| 650 | 0 | 4 | _aاخناتون |
| 942 |
_2ddc _cBK |
||
| 999 |
_c50120 _d50120 |
||